| 000 | 01183cam a22003014a 4500 | ||
|---|---|---|---|
| 001 | 13082723 | ||
| 003 | ARRUPE | ||
| 005 | 20131002111046.0 | ||
| 008 | 030205s2003 gau b 000 0 eng | ||
| 010 | _a 2003001672 | ||
| 020 | _a1589830725 (pbk. : alk. paper) | ||
| 040 |
_aDLC _cDLC _dDLC |
||
| 042 | _apcc | ||
| 043 | _an-us--- | ||
| 050 | 0 | 0 |
_aBS521.2 _b.Y48 2003 |
| 245 | 0 | 0 |
_aYet with a steady beat : _bcontemporary U.S. Afrocentric biblical interpretation / _cedited by Randall C. Bailey. |
| 260 |
_aAtlanta : _bSociety of Biblical Literature, _cc2003. |
||
| 300 |
_avii, 200 p. ; _c23 cm. |
||
| 490 | 1 |
_aSociety of biblical literature Semeia studies ; _vno. 42 |
|
| 504 | _aIncludes bibliographical references (p. 183-197). | ||
| 630 | 0 | 0 |
_aBible _xBlack interpretations. _92008 |
| 650 | 0 |
_aAfrocentrism _xReligious aspects _xChristianity. _92009 |
|
| 700 | 1 |
_aBailey, Randall C., _d1947- _92010 |
|
| 830 | 0 |
_aSemeia studies ; _vno. 42. _92011 |
|
| 906 |
_a7 _bcbc _corignew _d1 _eecip _f20 _gy-gencatlg |
||
| 942 |
_2lcc _cMONOGRAPH |
||
| 999 |
_c118225 _d118225 |
||